Úvod do teorie polovodičů Vysokoškolská příručka

Bibliographic Details
Main Author: Anseľm, Andrej Ivanovič (Author)
Format: Book
Language:Czech
Russian
PhysicalDescription:398, [1] s. 8°
Published: Praha Academia 1967
Edition:1. vyd.
Subjects:

MARC

LEADER 00000nam a2200000 a 4500
001 vtls001147786
003 SK-MaSNL
005 20260301063144.0
008 251031s1967 xr a 10 cze
035 |a SNK000090645 
040 |a SNK  |b slo  |c SNK  |e AACR2 
041 1 |a cze  |h rus 
044 |a xr  |c CZ 
080 |a 621.315.5  |2 2001 
100 1 |a Anseľm, Andrej Ivanovič  |4 aut  |9 378444 
240 1 0 |a Vvedenije v teoriju poluprovodnikov  |l Česky 
245 1 0 |a Úvod do teorie polovodičů  |b Vysokoškolská příručka  |c Andrej Ivanoči Anseľm 
250 |a 1. vyd. 
260 |a Praha  |b Academia  |c 1967 
300 |a 398, [1] s.  |c 8° 
650 0 7 |a polovodiče  |2 SNKPH  |9 1571 
852 |a Slovenská národná knižnica 
958 |a OND 
968 |d Z rus. orig. 
999 |c 623103  |d 625033 
952 |t P60, <04>, [BOOK], {604}  |a SNK  |b SNK  |y VYP  |7 0  |p 17A0423949  |o snkIC 41625  |i snkKIP 6581/67  |0 0  |1 0  |4 0  |d 2004-03-27  |l 0  |r 2005-01-01 00:00:00  |w 2026-02-23 
952 |t P60, <04>, [BOOK], {604}  |a SNK  |b SNK  |y VYP  |7 0  |p 17A0028557  |o snkIC 41625 D1  |0 0  |1 1  |4 0  |d 1997-01-04  |l 0  |r 2005-01-01 00:00:00  |w 2026-02-23